000 00602nam a22002297a 4500
003 UA-OsUOA
001 97275
007 ta
008 20130327b un ||||| |||| 00| 0 ukr d
100 _aОлеша Ю.
090 _a821.161.1
_bО-53
942 _cBK
040 _aUA-OsUOA
_brus
_cUA-OsUOA
_dUA-OsUOA
245 _aИзбранное
300 _a448 с.
955 _a3
041 _arus
080 _a821.161.1
260 _aСвердловск
_bИзд-во Урал. ун-та
_c1988
650 7 _a82 Література. Літературознавство
_2UDC
999 _c383516
_d383516